=LDR 00000nam 2200000 4500 =001 NUTBA000000000005015 =005 20141016100652.0 =006 =007 =008 =020 ##$$a 978-602-855-397-1 =035 ##$$a 0010-101400000000245 =040 ##$$a NBPDMAT =082 ##$$a 663.94 =090 ##$$a 663.94 $b Jan m =100 ##$$a Janu Ismadi =245 ##$$a Meneguk manfaat dari secangkir teh / $c Janu Ismadi =250 ##$$a Cet. 2 =260 ##$$a Banten : $b Talenta Pustaka Indonesia, $c 2011 =300 ##$$a vi, 49 hlm. : $b ilus. ; $c 24 cm. =500 ##$$a Bibliografi : hlm.49 =650 ##$$a Teh